[Event "Druzynowe Mistrzostwa Polski Juniorow 2018 - II Liga"]
[Site "Szczyrk"]
[Date "1899-12-30"]
[Round "4.70"]
[White "Biesiadecki, Adam"]
[Black "Fiszer, Jakub"]
[Result "1-0"]
[WhiteTitle "II"]
[BlackTitle "II"]
[WhiteElo "1415"]
[BlackElo "1271"]

1. d4 d5 2. Nf3 Nf6 3. c4 e6 4. Nc3 Be7 5. Bf4 O-O 6. Rc1 Nbd7 7. e3 c5 8. cxd5
exd5 9. h3 b6 10. Be2 Bb7 11. O-O Re8 12. Nb5 Rf8 13. a3 Ne4 14. Nd2 Ndf6 15.
dxc5 Nxc5 16. b4 Ne6 17. Bg3 Qd7 18. Nc7 Rac8 19. Bb5 Qd8 20. Nxe6 fxe6 21. Nb3
a6 22. Bd3 Qd7 23. Nd4 Bd6 24. Bxd6 Qxd6 25. Rc2 Rxc2 26. Qxc2 Rc8 27. Qb2 Nd7
28. Rc1 Rxc1+ 29. Qxc1 Ne5 30. Be2 Kf7 31. Qc2 g6 32. Qc3 Nd7 33. Nf3 h6 34. Qh8
Qf8 35. Qd4 Qd6 36. Qh4 h5 37. Qg5 e5 38. Nh4 Qf6 39. Qg3 Nf8 40. Nf3 Nd7 41.
Ng5+ Kg7 42. h4 b5 43. Nh3 Kf7 44. Bf3 Nb6 45. Ng5+ Kg7 46. Qh3 Bc8 47. Qg3 Bb7
48. Bd1 Nc4 49. a4 Nb2 50. Bxh5 gxh5 51. Ne4+ Qg6 52. Qxe5+ Kh7 53. Ng5+ Kg8 54.
Qb8+ Kg7 55. Qxb7+ Kh6 56. axb5 axb5 57. Qxd5 Nc4 58. Qe6 1-0

[Event "Druzynowe Mistrzostwa Polski Juniorow 2018 - II Liga"]
[Site "Szczyrk"]
[Date "1899-12-30"]
[Round "4.71"]
[White "Szelejewska, Maria"]
[Black "Polak, Sylwia"]
[Result "1-0"]
[WhiteTitle "I"]
[BlackTitle "I"]
[WhiteElo "1184"]
[BlackElo "1519"]

1. e4 c5 2. Nf3 e6 3. d4 cxd4 4. Nxd4 a6 5. Nc3 Qc7 6. Bd3 Nf6 7. Be3 Be7 8. O-O
O-O 9. f4 d6 10. Qf3 Nbd7 11. Kh1 b5 12. a3 Bb7 13. Qh3 g6 14. Rae1 Nc5 15. Bd2
Nfd7 16. f5 e5 17. fxg6 hxg6 18. Nf3 Ne6 19. Nd5 Bxd5 20. exd5 Ng7 21. Bg5 Nf6
22. Nxe5 dxe5 23. Bxf6 Bxf6 24. Rxf6 Qe7 25. Rf2 Rad8 26. Rd2 Qg5 27. Rdd1 Nh5
28. Bf1 Rd6 29. c4 bxc4 30. Bxc4 Kg7 31. Qd3 Rh8 32. Qe3 Qxe3 33. Rxe3 Rc8 34.
b3 f6 35. g3 Kg8 36. Kg2 Ng7 37. Rde1 Nf5 38. Re4 Ne7 39. Rd1 Rcd8 40. Re3 Nxd5
41. Red3 1-0

[Event "Druzynowe Mistrzostwa Polski Juniorow 2018 - II Liga"]
[Site "Szczyrk"]
[Date "1899-12-30"]
[Round "4.72"]
[White "Krzanowska, Liliana"]
[Black "Pawlowska, Emilia"]
[Result "1/2-1/2"]
[WhiteTitle "I"]
[BlackTitle "II"]
[WhiteElo "1000"]
[BlackElo "1225"]

1. Nf3 d5 2. d4 Nf6 3. e3 c6 4. c4 e6 5. Nc3 Nbd7 6. Qc2 b6 7. Bd3 Bb7 8. O-O Bd6
9. Re1 O-O 10. e4 dxe4 11. Nxe4 Nxe4 12. Bxe4 Nf6 13. Bd3 c5 14. dxc5 Bxc5 15.
Rd1 Qe7 16. Ng5 h6 17. Ne4 Nxe4 18. Bxe4 Bxe4 19. Qxe4 Rad8 20. Be3 Bxe3 21. Qxe3
Qf6 22. b3 Qb2 23. Qc1 Qxc1 24. Raxc1 f5 25. f4 g5 26. g3 Kg7 27. Kg2 Kf6 28.
h3 Rg8 29. Kf3 Rge8 30. g4 e5 1/2-1/2

[Event "Druzynowe Mistrzostwa Polski Juniorow 2018 - II Liga"]
[Site "Szczyrk"]
[Date "1899-12-30"]
[Round "4.73"]
[White "Twardowski, Hubert"]
[Black "Slomczewski, Michal"]
[Result "0-1"]
[WhiteTitle "I"]
[BlackTitle "I+"]
[WhiteElo "1728"]
[BlackElo "2068"]

1. e4 c5 2. Nf3 e6 3. d4 cxd4 4. Nxd4 Nc6 5. Nb5 d6 6. Bf4 e5 7. Be3 Nf6 8. Bg5
Be6 9. N1c3 a6 10. Na3 Be7 11. Bxf6 gxf6 12. Nd5 f5 13. exf5 Qa5+ 14. Nc3 Bxf5
15. Nc4 Qc5 16. Ne3 Be6 17. Ned5 Nb4 18. Nxe7 Kxe7 19. a3 Nc6 20. Ne4 Qd4 21.
Qxd4 Nxd4 22. O-O-O Rac8 23. Nc3 Rc5 24. Bd3 f5 25. f4 h5 26. Rhe1 b5 27. Rf1
Rhc8 28. Rd2 a5 29. Ne2 Nb3+ 30. Kd1 Nxd2 31. Kxd2 e4 32. b4 exd3 33. bxc5 dxe2
34. cxd6+ Kxd6 35. Rf3 Bc4 0-1

[Event "Druzynowe Mistrzostwa Polski Juniorow 2018 - II Liga"]
[Site "Szczyrk"]
[Date "1899-12-30"]
[Round "4.74"]
[White "Guzik, Natalia"]
[Black "Sulima, Franciszek"]
[Result "1/2-1/2"]
[WhiteTitle "I++"]
[BlackTitle "II"]
[WhiteElo "1668"]
[BlackElo "1281"]

1. e4 c5 2. Nf3 d6 3. d4 cxd4 4. Nxd4 Nf6 5. Nc3 e6 6. Be3 Be7 7. Bd3 a6 8. a4
Nbd7 9. a5 O-O 10. f4 Qc7 11. O-O b5 12. axb6 Nxb6 13. Nb3 Nc4 14. Bxc4 Qxc4 15.
Qf3 Bb7 16. Na5 Qc7 17. Nxb7 Qxb7 18. Ra2 Nd7 19. g4 Rfc8 20. g5 f6 21. Qg4 Nf8
22. f5 fxg5 23. fxe6 Bf6 24. Nd5 Rxc2 25. Nxf6+ gxf6 26. Rxf6 Qg7 27. Rf7 Qe5
28. Rf5 Qxh2+ 29. Kf1 Qh1+ 30. Bg1 Rc1+ 31. Kf2 Nxe6 32. Rxg5+ Nxg5 33. Qxg5+
Kh8 34. Qxc1 Rf8+ 35. Ke2 Qxe4+ 36. Be3 Qg2+ 37. Kd3 Qg6+ 38. Ke2 Qg2+ 39. Kd3
Qg6+ 40. Kd2 Qg2+ 1/2-1/2

[Event "Druzynowe Mistrzostwa Polski Juniorow 2018 - II Liga"]
[Site "Szczyrk"]
[Date "1899-12-30"]
[Round "4.75"]
[White "Trzebinski, Patryk"]
[Black "Wojtasik, Szymon"]
[Result "1-0"]
[WhiteTitle "I"]
[BlackTitle "II"]
[WhiteElo "1779"]
[BlackElo "1343"]

1. e4 c5 2. Nf3 Nc6 3. d4 cxd4 4. Nxd4 g6 5. Nxc6 bxc6 6. Qd4 Nf6 7. e5 Nd5 8.
e6 f6 9. exd7+ Bxd7 10. Bc4 e5 11. Qd1 Be6 12. O-O Bg7 13. Qf3 O-O 14. Nc3 f5
15. Nxd5 cxd5 16. Rd1 e4 17. Qa3 Rc8 18. Bb3 Qd7 19. Be3 Rfd8 20. c3 Rc7 21. Bd4
Bf7 22. Bxg7 Kxg7 23. Rd4 Qe8 24. Rad1 Qe5 25. Qa5 Rcd7 26. c4 e3 27. fxe3 Qxe3+
28. Kh1 Qe5 29. cxd5 Qf6 30. Qc3 Qe5 31. R4d2 Qxc3 32. bxc3 Kf6 33. c4 Ke5 34.
Kg1 Kd6 35. Kf2 Re7 36. a3 Kc5 37. Ba2 Rb8 38. Rb1 Rxb1 39. Bxb1 Rb7 40. Ba2 a5
41. Kf3 g5 42. g3 Bh5+ 43. Kf2 h6 44. Ke3 Bg6 45. h4 Re7+ 46. Kf2 Rb7 47. Kf3
Bh5+ 48. Ke3 Bg6 49. h5 Bxh5 50. Rh2 Be8 51. Kd3 h5 52. Re2 Bf7 53. Kc3 Kd6 54.
Kd4 Rc7 55. Rb2 Be8 56. c5+ Kd7 57. Bc4 Ra7 58. Bb5+ Kd8 59. Bxe8 Kxe8 60. d6
Kd7 61. Kd5 f4 62. Rb8 Ra6 63. c6+ Rxc6 64. Rb7+ Ke8 65. Kxc6 fxg3 66. d7+ Kf7
67. Qd8+ Kg6 68. Qd5 g4 69. Rf7 g2 70. Qf5+ Kh6 71. Rh7# 1-0

[Event "Druzynowe Mistrzostwa Polski Juniorow 2018 - II Liga"]
[Site "Szczyrk"]
[Date "1899-12-30"]
[Round "4.76"]
[White "Chrobot, Tomasz"]
[Black "Dembicki, Karol"]
[Result "0-1"]
[WhiteTitle "IV"]
[BlackTitle "II"]
[WhiteElo "1033"]
[BlackElo "1457"]

1. d4 d5 2. Nf3 c6 3. Bf4 Bg4 4. e3 Nd7 5. Bd3 e6 6. h3 Bh5 7. Nbd2 Ngf6 8. c3
Be7 9. O-O h6 10. Qe2 g5 11. Bh2 g4 12. hxg4 Bxg4 13. e4 dxe4 14. Nxe4 Rg8 15.
Ng3 h5 16. Qe3 h4 17. Ne4 Nd5 18. Qe2 Bh3 19. g3 Bxf1 20. Rxf1 hxg3 21. Bxg3 Nf4
22. Qc2 f5 23. Ned2 Nxd3 24. Qxd3 f4 25. Qh7 Nf6 26. Qh3 fxg3 27. fxg3 Qd6 28.
Kg2 O-O-O 29. Ne5 Qd5+ 30. Rf3 Rh8 31. c4 Qxf3+ 32. Ndxf3 Rxh3 33. Kxh3 Rg8 34.
g4 Rh8+ 35. Kg3 Bd6 36. Kf4 Bxe5+ 37. Kxe5 Nxg4+ 38. Kxe6 Re8+ 39. Kf7 Re2 40.
Ng5 Rxb2 41. d5 Ne5+ 42. Ke6 Nxc4 43. d6 Re2+ 44. Kf5 Nxd6+ 45. Kf6 Ne4+ 46. Nxe4
Rxe4 47. Kf5 Re1 48. a4 c5 49. a5 c4 50. a6 b6 51. Kg4 c3 52. Kf3 c2 53. Kf2 Qc1
54. Kf3 Qe3+ 55. Kg2 Re2+ 56. Kh1 Qc1# 0-1

[Event "Druzynowe Mistrzostwa Polski Juniorow 2018 - II Liga"]
[Site "Szczyrk"]
[Date "1899-12-30"]
[Round "4.77"]
[White "Filipska, Maja"]
[Black "Matyjasek, Michalina"]
[Result "1/2-1/2"]
[WhiteTitle "I++"]
[BlackTitle "I"]
[WhiteElo "1569"]
[BlackElo "1357"]

1. e4 c5 2. Nf3 Nc6 3. d4 cxd4 4. Nxd4 g6 5. Be3 Bg7 6. Nc3 Nf6 7. Bc4 O-O 8. f3
Qb6 9. Bb3 Nxe4 10. Nd5 Qa5+ 11. c3 Nf6 12. Nxc6 dxc6 13. Nxe7+ Kh8 14. Nxc8 Raxc8
15. O-O Nd5 16. Bxd5 cxd5 17. Bd4 Rc4 18. Qe2 Bxd4+ 19. cxd4 Kg8 20. Rfd1 Qb6
21. Qd2 Rfc8 22. b3 Rc2 23. Qe3 Qb5 24. Rac1 Re8 25. Qxe8+ Qxe8 26. Rxc2 Kg7 27.
Kf2 Qe7 28. g3 Qb4 29. Rc5 Qa3 30. Rd2 Qb4 31. Ke2 Qb6 32. Rxd5 f6 33. Rc5 Qd6
34. Rc3 Qd5 35. Rc5 Qd6 36. Kf2 Kh6 37. Ke3 Qe6+ 38. Kf2 Qd6 39. Ke1 b6 40. Rc3
Qe7+ 41. Kd1 Qd6 42. d5 Kg7 43. Rc6 Qd7 44. Ke1 b5 45. Kf2 f5 46. d6 Qxc6 47.
d7 Qb6+ 48. Kg2 Qd8 49. Kf2 1/2-1/2

[Event "Druzynowe Mistrzostwa Polski Juniorow 2018 - II Liga"]
[Site "Szczyrk"]
[Date "1899-12-30"]
[Round "4.78"]
[White "Zajac, Aleksandra"]
[Black "Skolska, Emilia"]
[Result "1/2-1/2"]
[WhiteTitle "III"]
[BlackTitle "I"]
[WhiteElo "1000"]
[BlackElo "1157"]

1. e4 e5 2. Nf3 Nc6 3. Bc4 Bc5 4. c3 d6 5. d4 exd4 6. cxd4 Bb6 7. h3 Nf6 8. Nc3
O-O 9. Bg5 Na5 10. Bd3 h6 11. Bh4 Nc6 12. Bc2 Ba5 13. O-O Bxc3 14. bxc3 Ne7 15.
Bxf6 gxf6 16. Nh4 Kg7 17. Qd3 Ng6 18. Nf5+ Kh7 19. Qe3 Bxf5 20. exf5 Ne7 21. Rfe1
Nd5 22. Qf3 c6 23. Bb3 Qa5 24. Bxd5 Qxd5 25. Qxd5 cxd5 26. Re7 b6 27. Rd7 Rad8
28. Rxa7 Kg7 29. Ra6 Rc8 30. Rxb6 Rxc3 31. Rxd6 Ra3 32. Rxd5 Rfa8 33. Rc5 Rxa2
34. Rxa2 Rxa2 35. d5 Rd2 36. g3 Kf8 37. Kg2 Ke7 38. Rc8 Rxd5 39. Rh8 Rxf5 40.
Rxh6 Rg5 41. f4 Rg6 42. Rh8 f5 1/2-1/2

[Event "Druzynowe Mistrzostwa Polski Juniorow 2018 - II Liga"]
[Site "Szczyrk"]
[Date "1899-12-30"]
[Round "4.80"]
[White "Franek, Krzysztof"]
[Black "Radecki, Adam"]
[Result "0-1"]
[WhiteTitle "III"]
[BlackTitle "I"]
[WhiteElo "1156"]
[BlackElo "1702"]

1. d4 Nf6 2. Nf3 g6 3. Bf4 Bg7 4. e3 d5 5. Bd3 O-O 6. Nbd2 c6 7. c3 Nbd7 8. O-O
Re8 9. h3 c5 10. Re1 c4 11. Bc2 b5 12. e4 dxe4 13. Bxe4 Nxe4 14. Nxe4 Bb7 15.
Qc2 Bxe4 16. Rxe4 Nf6 17. Re2 Nd5 18. Bh2 e6 19. Rae1 a5 20. Ne5 Qb6 21. Rb1 Rec8
22. Nd7 Qa7 23. Nc5 Bf8 24. Ne4 Qa6 25. Be5 b4 26. Qc1 Bg7 27. Nc5 Qb5 28. Bh2
bxc3 29. bxc3 Nxc3 30. Reb2 Qe8 31. Qxc3 Rxc5 32. Rb8 Rxb8 33. Rxb8 Rc8 34. Rb2
Qd7 35. Rd2 Qd5 36. Be5 Bf8 37. Rc2 Bb4 38. Qe3 Qb5 39. Qg5 Bd6 40. Qc1 Bxe5 41.
dxe5 Qa4 42. Qb2 Qc6 43. Qd4 Kf8 44. f4 Qd5 45. Qc3 Qe4 46. Rf2 Kg7 47. g3 Rd8
48. Qc2 Qd4 49. Kg2 c3 50. Rf1 Rb8 51. Rd1 Qe3 52. Rd3 Qe4+ 53. Kg1 Rb2 0-1

[Event "Druzynowe Mistrzostwa Polski Juniorow 2018 - II Liga"]
[Site "Szczyrk"]
[Date "1899-12-30"]
[Round "4.81"]
[White "Piechota, Kamil"]
[Black "Gabzdyl, Mateusz"]
[Result "1-0"]
[WhiteTitle "II"]
[BlackTitle "III"]
[WhiteElo "1521"]
[BlackElo "1083"]

1. e4 c5 2. c3 e6 3. d4 cxd4 4. cxd4 d5 5. Bd3 Nc6 6. Ne2 Qb6 7. exd5 exd5 8. O-O
Nf6 9. Re1 Be7 10. Nbc3 Bd7 11. Na4 Qc7 12. Bf4 Bd6 13. Bxd6 Qxd6 14. Nc5 Qb8
15. Nxd7 Kxd7 16. Bf5+ Kd8 17. Qc2 Qd6 18. Rac1 g6 19. Bh3 Re8 20. Qd3 Ne4 21.
Nc3 Nxc3 22. Rxe8+ Kxe8 23. Qxc3 Kf8 24. g3 Re8 25. Bg2 Rc8 26. Qb3 Rd8 27. Qxb7
Nxd4 28. Rd1 Rb8 29. Qxa7 Ne2+ 30. Kf1 Rxb2 31. Bxd5 Qf6 32. Bb3 Qf3 33. Qa3+
Kg7 34. Qxb2+ 1-0

[Event "Druzynowe Mistrzostwa Polski Juniorow 2018 - II Liga"]
[Site "Szczyrk"]
[Date "1899-12-30"]
[Round "4.82"]
[White "Grzybek, Mikolaj"]
[Black "Karwot, Marek"]
[Result "1-0"]
[WhiteTitle "II"]
[BlackTitle "III"]
[WhiteElo "1375"]
[BlackElo "1000"]

1. e4 c5 2. Nf3 a6 3. d4 cxd4 4. Nxd4 Nf6 5. Nc3 e5 6. Nde2 Bb4 7. Bd2 O-O 8. g3
Bxc3 9. Nxc3 d5 10. exd5 Nxd5 11. Bg2 Nf6 12. O-O Qc7 13. Re1 Bf5 14. Be3 Nbd7
15. Rc1 Rfd8 16. Qf3 Bg6 17. Bg5 Re8 18. Bxf6 Nxf6 19. Qxb7 Qxb7 20. Bxb7 Ra7
21. Bc6 Rc8 22. Red1 Rac7 23. Ba4 h6 24. Bb3 Kh7 25. Re1 Re7 26. Rcd1 Rc6 27.
Rd8 Bf5 28. Ne2 Bxc2 29. Nd4 exd4 30. Rxe7 d3 31. Bxf7 Rb6 32. b3 Rc6 33. Bc4
Bb1 34. Bxd3+ Bxd3 35. Rxd3 Rc1+ 36. Kg2 Rc2 37. h3 Rxa2 38. Rd6 Kg8 39. Ra7 a5
40. b4 a4 41. Rda6 Ne4 42. Kf3 Nc3 43. b5 Nxb5 44. Rxa4 Nxa7 45. Rxa2 Nc6 46.
g4 Kh7 47. Ke4 Kg6 48. Ra6 Kg5 49. Rxc6 Kh4 50. Kf3 Kxh3 51. Rc5 Kh2 52. Rc1 g5
53. Rc6 h5 54. gxh5 Kh3 55. h6 g4+ 56. Kf4 Kh4 57. h7 Kh3 58. Qh8+ Kg2 59. Qg7
Kh1 60. Qxg4 Kh2 61. Rh6# 1-0

[Event "Druzynowe Mistrzostwa Polski Juniorow 2018 - II Liga"]
[Site "Szczyrk"]
[Date "1899-12-30"]
[Round "4.83"]
[White "Obrochta, Lena"]
[Black "Kindler, Karolina"]
[Result "1-0"]
[WhiteTitle "I"]
[BlackTitle "I++"]
[WhiteElo "1422"]
[BlackElo "1784"]

1. e4 g6 2. d4 Bg7 3. Nc3 d6 4. Nf3 b6 5. Bc4 e6 6. Bg5 Ne7 7. O-O Bb7 8. Qd2 O-O
9. Bh6 d5 10. exd5 Nxd5 11. Nxd5 exd5 12. Bb3 Nc6 13. c3 Na5 14. Bxg7 Kxg7 15.
Ne5 Bc8 16. Bc2 Qd6 17. b3 Nc6 18. f4 f6 19. Nf3 Bd7 20. f5 g5 21. Nxg5 fxg5 22.
Qxg5+ Kh8 23. f6 Rf7 24. Qh5 Raf8 25. Bg6 Bg4 26. Qh6 Rd7 27. Rae1 Be6 28. Rxe6
Qxe6 29. Qxf8+ Qg8 30. Qxg8+ Kxg8 31. Bf5 Rd6 32. Bg4 Nd8 33. Bh5 c5 34. f7+ Kf8
35. g4 Ne6 36. Rf6 Ke7 37. Rh6 Nf8 38. Rxd6 Kxd6 39. h4 Ke7 40. Kf2 Ne6 41. Ke3
cxd4+ 42. cxd4 a5 43. g5 Ng7 44. Bg4 Kxf7 45. Kf4 Ne8 46. Ke5 Nc7 47. Bf5 Kg7
48. Kd6 Nb5+ 49. Kxd5 Nc3+ 50. Kc6 Ne2 51. Kxb6 Nxd4 52. Be4 h6 53. g6 Ne2 54.
Kxa5 Nc3 55. Bd3 Nxa2 56. b4 Nc3 57. b5 Nd5 58. b6 1-0

[Event "Druzynowe Mistrzostwa Polski Juniorow 2018 - II Liga"]
[Site "Szczyrk"]
[Date "1899-12-30"]
[Round "4.84"]
[White "Gren, Kinga"]
[Black "Czerwinska, Oliwia"]
[Result "1/2-1/2"]
[WhiteTitle "II+"]
[BlackTitle "I"]
[WhiteElo "1118"]
[BlackElo "1245"]

1. e4 e5 2. Nf3 Nc6 3. Nc3 Bc5 4. Bc4 Nf6 5. d3 d6 6. O-O Bg4 7. Be3 Nd4 8. Bxd4
Bxd4 9. h3 Bh5 10. Rb1 Bb6 11. Na4 O-O 12. Re1 Qd7 13. Nxb6 axb6 14. Re3 c6 15.
Bb3 Rfe8 16. c4 Qe7 17. Qd2 Nd7 18. Rf1 Nc5 19. Nh2 Qg5 20. Qb4 Ra6 21. a3 Nxb3
22. Qxb3 f5 23. exf5 Qxf5 24. g4 Qg5 25. Rf3 Bf7 26. Re1 h6 27. Qb4 c5 28. Qb5
Qd8 29. Nf1 Be6 30. Ne3 Bd7 31. Qb3 Ba4 32. Qc3 Bc6 33. Rg3 Rf8 34. Nf5 Qf6 35.
Qd2 Bd7 36. Ne3 Be6 37. Rf1 Raa8 38. Ng2 g5 39. Ne3 Rf7 40. f3 Raf8 41. b3 Qf4
42. Kg2 Qf6 43. a4 Qd8 44. Qe2 Rf4 45. Qd2 Qf6 46. Qe2 Qg6 47. Rh1 Rd4 48. Rd1
1/2-1/2

[Event "Druzynowe Mistrzostwa Polski Juniorow 2018 - II Liga"]
[Site "Szczyrk"]
[Date "1899-12-30"]
[Round "4.85"]
[White "Majek, Kacper"]
[Black "Grzegorski, Michal"]
[Result "1-0"]
[WhiteTitle "I++"]
[BlackTitle "II"]
[WhiteElo "2088"]
[BlackElo "1416"]

1. e4 c5 2. Nf3 d6 3. g3 Nc6 4. Bg2 g6 5. O-O Bg7 6. c3 Nf6 7. Re1 O-O 8. d4 cxd4
9. cxd4 e6 10. Nc3 Rb8 11. a4 b6 12. Bf4 Re8 13. Nb5 Bf8 14. e5 Nd5 15. Bg5 Qd7
16. exd6 a6 17. Nc7 Nxc7 18. dxc7 Qxc7 19. d5 Nd8 20. dxe6 Nxe6 21. Bf4 Nxf4 22.
Rxe8 Nxg2 23. Rc1 Qb7 24. Qd6 Kg7 25. Qxf8+ Kf6 26. Qh8+ Kf5 27. Qe5+ 1-0

[Event "Druzynowe Mistrzostwa Polski Juniorow 2018 - II Liga"]
[Site "Szczyrk"]
[Date "1899-12-30"]
[Round "4.86"]
[White "Jedraszek, Pawel"]
[Black "Derylo, Kamil"]
[Result "1/2-1/2"]
[WhiteTitle "I"]
[BlackTitle "I"]
[WhiteElo "1507"]
[BlackElo "1755"]

1. e4 c5 2. Nf3 d6 3. d4 cxd4 4. Nxd4 Nf6 5. Nc3 a6 6. Bg5 Nbd7 7. f4 Qc7 8. Qf3
h6 9. Bxf6 Nxf6 10. Be2 Bg4 11. Qd3 Bxe2 12. Qxe2 e5 13. fxe5 dxe5 14. Nf5 g6
15. Ne3 Bb4 16. O-O Bxc3 17. Rxf6 Bxb2 18. Raf1 Bd4 19. Kh1 Bxe3 20. Qxe3 Rf8
21. Qxh6 O-O-O 22. Qh3+ Kb8 23. Qb3 Rd2 24. Rxa6 Qxc2 25. Qxc2 Rxc2 26. Ra5 Rd8
27. h3 Rdd2 28. Rxf7 Rxg2 29. Rb5 Rge2 30. Rbxb7+ Kc8 31. Rb1 Rxa2 32. Rg7 Rxe4
33. Rc1+ Kd8 34. Rb1 1/2-1/2

[Event "Druzynowe Mistrzostwa Polski Juniorow 2018 - II Liga"]
[Site "Szczyrk"]
[Date "1899-12-30"]
[Round "4.87"]
[White "Zhydachevskyy, Yulian"]
[Black "Rosinski, Filip"]
[Result "1/2-1/2"]
[WhiteTitle "II"]
[BlackTitle "II"]
[WhiteElo "1376"]
[BlackElo "1345"]

1. e4 c5 2. Nc3 d6 3. Nf3 Nf6 4. Bc4 a6 5. a4 Bg4 6. O-O e6 7. Be2 Nc6 8. d3 Be7
9. Be3 Qb6 10. b3 O-O 11. h3 Bh5 12. Qd2 d5 13. exd5 exd5 14. d4 Bxf3 15. dxc5
Bxc5 16. Bxc5 Qxc5 17. Bxf3 Nd4 18. Be2 Nxe2+ 19. Nxe2 Ne4 20. Qd3 Rac8 21. Rac1
Rc6 22. Qd4 Qd6 23. Rfd1 Rd8 24. f3 Ng3 25. Nxg3 Qxg3 26. Qg4 Qc7 27. Qf5 Rf6
28. Qd3 Rg6 29. Rd2 Qg3 30. Kh1 Re6 31. Re2 Rxe2 32. Qxe2 Qc7 33. Re1 h6 34. Qe7
Rc8 35. Qxc7 Rxc7 36. Re2 Kf8 37. Kg1 Re7 38. Kf2 Ke8 39. Rxe7+ Kxe7 40. Ke3 a5
41. Kd4 Kd6 42. c3 f6 43. f4 g6 44. g3 h5 45. h4 b6 46. b4 f5 47. Ke3 Kc6 48.
Kd3 Kc7 1/2-1/2

[Event "Druzynowe Mistrzostwa Polski Juniorow 2018 - II Liga"]
[Site "Szczyrk"]
[Date "1899-12-30"]
[Round "4.88"]
[White "Wawrzyniak, Karol"]
[Black "Derylo, Maksymilian"]
[Result "1/2-1/2"]
[WhiteTitle "II"]
[BlackTitle "II"]
[WhiteElo "1222"]
[BlackElo "1199"]

1. e4 c5 2. Nf3 d6 3. c4 Nc6 4. d4 cxd4 5. Nxd4 Nf6 6. Nc3 g6 7. Be2 Bg7 8. Be3
O-O 9. f3 Qb6 10. Na4 Qa5+ 11. Nc3 a6 12. O-O Qb6 13. Na4 Qa7 14. Nc2 b6 15. Nxb6
Rb8 16. Nxc8 Qc7 17. Nb6 Rxb6 18. Bxb6 Qxb6+ 19. Kh1 Qxb2 20. Qb1 Qc3 21. Qb3
Qd2 22. Qd3 Qa5 23. Rab1 Ne5 24. Qb3 Qd2 25. Rfe1 Nfd7 26. Rbd1 Qf4 27. Qe3 Qf6
28. Nb4 Nc5 29. Nd5 Qe6 30. Rb1 Qd7 31. Rb4 e6 32. Nf4 Qc6 33. Reb1 Rd8 34. Qa3
Bf8 35. Qa5 Qd7 36. Rb6 Nc6 37. Qe1 Ne5 38. Qd1 Qc7 39. Nd3 Nexd3 40. Bxd3 Bg7
41. Bc2 h6 42. Ba4 Qe7 43. Rb8 Be5 44. Rxd8+ Qxd8 45. g3 Qa5 46. Bb3 Qc3 47. Qe2
Nd3 48. Rd1 Nb2 49. Rf1 Nd3 50. f4 Bd4 51. Kg2 Nc5 52. Rd1 Bg7 53. Rxd6 a5 54.
e5 Nxb3 55. axb3 Qxb3 56. Rd8+ Bf8 57. Qd3 Qa2+ 58. Kf3 Qxh2 59. Qd6 Qh1+ 60.
Ke3 Qe1+ 61. Kd4 Qd2+ 62. Kc5 Qb4+ 63. Kc6 Qxc4+ 64. Kb7 Qb3+ 65. Ka7 Qe3+ 66.
Qb6 Qxb6+ 67. Kxb6 a4 68. Kb5 a3 69. Kc4 Kg7 70. Ra8 g5 71. fxg5 hxg5 72. g4 Be7
73. Ra7 Bf8 74. Kb5 Kg6 75. Ra8 1/2-1/2

[Event "Druzynowe Mistrzostwa Polski Juniorow 2018 - II Liga"]
[Site "Szczyrk"]
[Date "1899-12-30"]
[Round "4.89"]
[White "Laszczuk, Zuzanna"]
[Black "Piotrowska, Florentyna"]
[Result "1-0"]
[WhiteTitle "I"]
[BlackTitle "I"]
[WhiteElo "1355"]
[BlackElo "1259"]

1. d4 d5 2. c4 e6 3. Nc3 Nf6 4. Nf3 Nc6 5. Bg5 Be7 6. e3 O-O 7. Be2 h6 8. Bh4 Re8
9. O-O Nh7 10. Bxe7 Rxe7 11. Qc2 Nf6 12. Rad1 Re8 13. e4 dxe4 14. Nxe4 Nxe4 15.
Qxe4 Qe7 16. Bd3 g6 17. Rfe1 Bd7 18. d5 exd5 19. Qf4 Qf8 20. cxd5 Rxe1+ 21. Rxe1
Nb4 22. Bc4 c6 23. Ne5 Be8 24. dxc6 Nxc6 25. Nxg6 Qg7 26. Qe4 a6 27. Re3 h5 28.
Rg3 Qh6 29. Ne7+ Kh8 30. Rg8# 1-0

[Event "Druzynowe Mistrzostwa Polski Juniorow 2018 - II Liga"]
[Site "Szczyrk"]
[Date "1899-12-30"]
[Round "4.90"]
[White "Jedrzejewska, Zuzanna"]
[Black "Salamon, Julia"]
[Result "0-1"]
[WhiteTitle "I"]
[BlackTitle "I"]
[WhiteElo "1242"]
[BlackElo "1098"]

1. e4 c5 2. Nf3 e6 3. d4 cxd4 4. Nxd4 Nf6 5. Bd3 Nc6 6. Be3 Be7 7. O-O O-O 8. c4
d6 9. Nc3 a6 10. f4 Qc7 11. Qe2 h6 12. Nf3 Rd8 13. Na4 Re8 14. Bb6 Qd7 15. e5
dxe5 16. fxe5 Nxe5 17. Nxe5 Qxa4 18. a3 Qb3 19. c5 Rf8 20. Bc4 Qa4 21. Rad1 Qe8
22. Bb3 Qb5 23. Qxb5 axb5 24. Kh1 Nd5 25. Bxd5 exd5 26. Rxd5 Be6 27. Rd2 Rac8
28. Nd7 Bxd7 29. Rxd7 Bxc5 30. Bxc5 Rxc5 31. Rxb7 f6 32. h3 Rf7 33. Rb8+ Rf8 34.
Rxf8+ Kxf8 35. Rf4 Ke7 36. Rd4 Ke6 37. Kh2 g6 38. h4 Ke5 39. Rb4 h5 40. g3 f5
41. Kh3 Kd5 42. b3 Kc6 43. a4 bxa4 44. bxa4 Ra5 45. Rc4+ Kd5 46. Rb4 Kc6 47. Kg2
Kc5 48. Rf4 Kd5 49. Kf3 Kc5 50. Ke3 Kd5 51. Rd4+ Kc5 52. Kd3 Ra6 53. Rc4+ Kd5
54. Kc3 Ra5 55. Kb4 Rxa4+ 56. Kxa4 Kxc4 57. Ka5 Kd4 58. Kb6 Ke4 59. Kc6 Kf3 60.
Kd6 Kxg3 61. Ke5 f4 62. Kf6 f3 63. Kxg6 Kxh4 64. Kh6 f2 65. Kg6 Qf1 66. Kh6 Qf6+
67. Kh7 Qg5 68. Kh8 Kg4 69. Kh7 Kf5 70. Kh8 Kf6 71. Kh7 Qg7# 0-1

[Event "Druzynowe Mistrzostwa Polski Juniorow 2018 - II Liga"]
[Site "Szczyrk"]
[Date "1899-12-30"]
[Round "4.91"]
[White "Krupinski, Mikolaj"]
[Black "Dzwierzynski, Bartosz"]
[Result "0-1"]
[WhiteTitle "II"]
[BlackTitle "I"]
[WhiteElo "1531"]
[BlackElo "1815"]

1. e4 c5 2. Nc3 d6 3. g3 Nc6 4. Bg2 g6 5. d3 Bg7 6. f4 e6 7. Nf3 Nge7 8. Be3 O-O
9. O-O Nd4 10. Bf2 Nec6 11. g4 f5 12. exf5 gxf5 13. g5 Rb8 14. h4 Nxf3+ 15. Bxf3
Nd4 16. Bg2 b5 17. h5 b4 18. Ne2 Nxe2+ 19. Qxe2 Bxb2 20. Rab1 Bh8 21. g6 h6 22.
Kh2 Bf6 23. Rg1 Kg7 24. Bf3 Bd7 25. Qd2 Qb6 26. Qe1 a5 27. Bh4 Qd8 28. Bxf6+ Qxf6
29. Kh3 Rfc8 30. Qe2 Qd4 31. Qd2 c4 32. Rbe1 a4 33. Rg3 c3 34. Qc1 b3 35. axb3
axb3 36. cxb3 Rxb3 37. Qc2 Rb2 38. Qc1 c2 39. Rgg1 Rb1 40. Qd2 Qxg1 41. Rxg1 Rxg1
42. Qe3 Qc1 43. Qd4+ e5 44. Qxd6 Qf1+ 45. Kh4 Qf2+ 46. Kh3 Qg3# 0-1

[Event "Druzynowe Mistrzostwa Polski Juniorow 2018 - II Liga"]
[Site "Szczyrk"]
[Date "1899-12-30"]
[Round "4.92"]
[White "Kiszka, Arkadiusz"]
[Black "Owoc, Jakub"]
[Result "0-1"]
[WhiteTitle "II"]
[BlackTitle "II"]
[WhiteElo "1592"]
[BlackElo "1511"]

1. c4 c5 2. Nc3 Nc6 3. Nf3 g6 4. g3 Bg7 5. Bg2 e6 6. e4 a6 7. O-O Nge7 8. a3 O-O
9. Rb1 d5 10. d3 d4 11. Ne2 e5 12. b4 b6 13. b5 axb5 14. Rxb5 Bd7 15. Rb1 f5 16.
Qe1 fxe4 17. dxe4 Be6 18. Nd2 Na5 19. f4 Nxc4 20. f5 Nxd2 21. Qxd2 gxf5 22. exf5
Bd5 23. Qg5 Rf6 24. Bxd5+ Qxd5 25. Qg4 h6 26. Rxb6 Rxb6 27. f6 Qf7 28. fxe7 Qxe7
29. Qe4 Rf8 30. Nf4 Qb7 31. Qxb7 Rxb7 0-1

[Event "Druzynowe Mistrzostwa Polski Juniorow 2018 - II Liga"]
[Site "Szczyrk"]
[Date "1899-12-30"]
[Round "4.93"]
[White "Wiszniewski, Szymon"]
[Black "Tokarz, Izabela"]
[Result "1-0"]
[WhiteTitle "II"]
[BlackTitle "I"]
[WhiteElo "1257"]
[BlackElo "1411"]

1. e4 c5 2. Nf3 d6 3. d4 cxd4 4. Nxd4 Nf6 5. Nc3 g6 6. Be3 Bg7 7. f3 O-O 8. Qd2
Nc6 9. O-O-O Nxd4 10. Bxd4 Be6 11. Kb1 Rc8 12. h4 a6 13. h5 Qa5 14. Nd5 Qxd2 15.
Nxe7+ Kh8 16. Rxd2 Rce8 17. Bxf6 Bxf6 18. Nd5 Bxd5 19. Rxd5 Be5 20. Rh3 Rc8 21.
Bd3 Kg7 22. h6+ Kg8 23. Rh4 Rc6 24. f4 Bf6 25. Rh1 Re8 26. Re1 Kf8 27. g4 Re6
28. g5 Bh8 29. c3 f5 30. Re2 Rc7 31. exf5 Rxe2 32. Bxe2 gxf5 33. Rxf5+ Ke7 34.
Bh5 b5 35. Rf7+ 1-0

[Event "Druzynowe Mistrzostwa Polski Juniorow 2018 - II Liga"]
[Site "Szczyrk"]
[Date "1899-12-30"]
[Round "4.94"]
[White "Pawlak, Emilia"]
[Black "Trybowska, Barbara"]
[Result "1/2-1/2"]
[WhiteTitle "I"]
[BlackTitle "I++"]
[WhiteElo "1415"]
[BlackElo "1755"]

1. e4 e5 2. Nf3 Nf6 3. Bc4 Nc6 4. d3 d6 5. O-O Bg4 6. Bb3 Be7 7. c3 O-O 8. Nbd2
d5 9. Qe2 d4 10. Rd1 Bc5 11. h3 Bh5 12. Nf1 Qd6 13. Ng3 Bxf3 14. Qxf3 Ne7 15.
Bg5 Nd7 16. Qg4 Nb6 17. Kh1 Qg6 18. Rf1 dxc3 19. bxc3 h6 20. Bxe7 Qxg4 21. hxg4
Bxe7 22. d4 Bd6 23. Nf5 a5 24. Nxd6 cxd6 25. a4 Rac8 26. Rac1 Rc7 27. Rc2 Rfc8
28. Rfc1 Kf8 29. Kg1 Nc4 30. Ra2 Ke7 31. d5 Nb6 32. Rac2 Nd7 33. f3 Nc5 34. Rb1
Nd3 35. c4 Nb4 36. Rc3 g6 37. Kf2 Kf6 38. Ke3 Rh8 39. Rbc1 b6 40. Rh1 Rcc8 41.
f4 exf4+ 42. Kxf4 g5+ 43. Ke3 Kg7 44. Kd4 Rce8 1/2-1/2